50 Largest Greek Islands - Statistics

General Stats
  • This quiz has been taken 65 times
  • The average score is 23 of 50
Answer Stats
Area
(km²)
Answer % Correct
8.336 Kriti
100%
1.401 Rodos
91%
1.633 Lesvos
89%
592 Kerkira
84%
290 Kos
78%
429 Naxos
78%
76 Santorini
76%
842 Chios
71%
781 Kefalonia
71%
85 Mikonos
64%
195 Paros
64%
477 Samos
64%
477 Limnos
60%
108 Ios
58%
303 Lefkada
56%
380 Thasos
56%
406 Zakinthos
53%
300 Karpathos
51%
49 Idra
49%
151 Milos
49%
82 Aigina
47%
380 Andros
47%
3.670 Euvoia
47%
96 Ithaki
47%
121 Amorgos
42%
132 Kea
42%
255 Ikaria
40%
279 Kithira
40%
110 Kalimnos
38%
178 Samothraki
38%
83 Siros
38%
209 Skiros
38%
96 Skopelos
38%
73 Sifnos
33%
99 Kithnos
31%
54 Leros
31%
57 Simi
31%
75 Serifos
27%
47 Skiathos
27%
61 Tilos
27%
64 Alonnisos
24%
96 Astipalaia
24%
194 Tinos
24%
69 Kasos
22%
41 Nisiros
22%
40 Psara
22%
96 Salamis
20%
43 Agios Efstratios
16%
38 Anafi
13%
41 Sikinos
11%
No matching quizzes found
Score Distribution
Percent of People with Each Score
Percentile by Number Answered
Your Score History
You have not taken this quiz